<?xml version="1.0" encoding="UTF-8"?>
<record
    xmlns:xsi="http://www.w3.org/2001/XMLSchema-instance"
    xsi:schemaLocation="http://www.loc.gov/MARC21/slim http://www.loc.gov/standards/marcxml/schema/MARC21slim.xsd"
    xmlns="http://www.loc.gov/MARC21/slim">

  <leader>02228cam a2200349 a 4500</leader>
  <controlfield tag="001">17757860</controlfield>
  <controlfield tag="005">20201128021138.0</controlfield>
  <controlfield tag="008">130530s2014    xxk    frbd   001 0 eng d</controlfield>
  <datafield tag="010" ind1=" " ind2=" ">
    <subfield code="a">2013015516</subfield>
  </datafield>
  <datafield tag="020" ind1=" " ind2=" ">
    <subfield code="a">9780415699891 (hbk : alk. paper)</subfield>
  </datafield>
  <datafield tag="020" ind1=" " ind2=" ">
    <subfield code="a">9780415699914 (pbk : alk. paper)</subfield>
  </datafield>
  <datafield tag="020" ind1=" " ind2=" ">
    <subfield code="z">9780203066942 (ebk)</subfield>
  </datafield>
  <datafield tag="040" ind1=" " ind2=" ">
    <subfield code="a">DLC</subfield>
    <subfield code="b">eng</subfield>
    <subfield code="c">DLC</subfield>
    <subfield code="d">DLC</subfield>
    <subfield code="d">EG-ScBUE</subfield>
  </datafield>
  <datafield tag="082" ind1="0" ind2="0">
    <subfield code="a">006.7</subfield>
    <subfield code="2">22</subfield>
    <subfield code="b">DEW</subfield>
  </datafield>
  <datafield tag="100" ind1="1" ind2=" ">
    <subfield code="a">Dewdney, Andrew.</subfield>
    <subfield code="9">36775</subfield>
  </datafield>
  <datafield tag="245" ind1="1" ind2="4">
    <subfield code="a">The digital media handbook /</subfield>
    <subfield code="c">Andrew Dewdney and Peter Ride.</subfield>
  </datafield>
  <datafield tag="250" ind1=" " ind2=" ">
    <subfield code="a">2nd ed.</subfield>
  </datafield>
  <datafield tag="260" ind1=" " ind2=" ">
    <subfield code="a">Oxon :</subfield>
    <subfield code="b">Routledge,</subfield>
    <subfield code="c">2014.</subfield>
  </datafield>
  <datafield tag="300" ind1=" " ind2=" ">
    <subfield code="a">xii, 418 p. :</subfield>
    <subfield code="b">ill. ;</subfield>
    <subfield code="c">25 cm.</subfield>
  </datafield>
  <datafield tag="490" ind1="0" ind2=" ">
    <subfield code="a">Media practice</subfield>
  </datafield>
  <datafield tag="500" ind1=" " ind2=" ">
    <subfield code="a">Glossary : p. 392-401.</subfield>
  </datafield>
  <datafield tag="504" ind1=" " ind2=" ">
    <subfield code="a">Bibliography : 402-410.</subfield>
  </datafield>
  <datafield tag="520" ind1=" " ind2=" ">
    <subfield code="a">"The Digital Media Handbook deals with the essential diversity of digital media by combining critical commentary and descriptive and historical accounts with a series of edited interview and discussions with professional media practitioners, including producers, developers, curators and artists. The Digital Media Handbook provides an understanding of the historical and theoretical development of digital media, emphasising the complex continuities in the technological developments associated with particular cultural uses of media as well as emergence of new forms of communication in networked culture. The Digital Media Handbook focuses upon key concerns of practitioners, how they develop projects and the contexts in which they work. The interviews give a rich account of contemporary preoccupations and concerns and how practitioners are thinking about and actually solving particular problems related to network communication. The Digital Media Handbook includes ;-Essays on the history and theory of digital media-Essays on contemporary issues and debate-Interviews with digital media professionals-A glossary of technical acronyms and key terms"</subfield>
  </datafield>
  <datafield tag="650" ind1=" " ind2="7">
    <subfield code="a">Multimedia systems.</subfield>
    <subfield code="9">14476</subfield>
    <subfield code="2">BUEsh</subfield>
  </datafield>
  <datafield tag="650" ind1=" " ind2="7">
    <subfield code="a"> Digital communications.</subfield>
    <subfield code="9">1260</subfield>
    <subfield code="2">BUEsh</subfield>
  </datafield>
  <datafield tag="650" ind1=" " ind2="7">
    <subfield code="a">Digital media</subfield>
    <subfield code="x">History.</subfield>
    <subfield code="9">36777</subfield>
    <subfield code="2">BUEsh</subfield>
  </datafield>
  <datafield tag="651" ind1=" " ind2=" ">
    <subfield code="2">BUEsh</subfield>
  </datafield>
  <datafield tag="653" ind1=" " ind2=" ">
    <subfield code="b">COMAME</subfield>
    <subfield code="c">December2014</subfield>
  </datafield>
  <datafield tag="655" ind1=" " ind2=" ">
    <subfield code="v">reading book</subfield>
    <subfield code="9">34232</subfield>
  </datafield>
  <datafield tag="700" ind1="1" ind2=" ">
    <subfield code="a">Ride, Peter.</subfield>
    <subfield code="9">36776</subfield>
  </datafield>
  <datafield tag="942" ind1=" " ind2=" ">
    <subfield code="2">ddc</subfield>
    <subfield code="k">006.7 DEW</subfield>
  </datafield>
  <datafield tag="999" ind1=" " ind2=" ">
    <subfield code="c">18711</subfield>
    <subfield code="d">18683</subfield>
  </datafield>
  <datafield tag="952" ind1=" " ind2=" ">
    <subfield code="0">0</subfield>
    <subfield code="1">0</subfield>
    <subfield code="2">ddc</subfield>
    <subfield code="4">0</subfield>
    <subfield code="7">0</subfield>
    <subfield code="8">Alahram</subfield>
    <subfield code="a">MAIN</subfield>
    <subfield code="b">MAIN</subfield>
    <subfield code="c">LOW</subfield>
    <subfield code="d">2015-04-28</subfield>
    <subfield code="e">purchase</subfield>
    <subfield code="g">324.00</subfield>
    <subfield code="h">332</subfield>
    <subfield code="l">0</subfield>
    <subfield code="o">006.7 DEW</subfield>
    <subfield code="p">000038088</subfield>
    <subfield code="r">2025-07-15 00:00:00</subfield>
    <subfield code="v">405.00</subfield>
    <subfield code="y">BB</subfield>
  </datafield>
</record>
